000 00468nam a2200181Ia 4500
001 23199
005 20260414150921.0
008 260414t2013||||xx |||||||||||||| ||spa||
041 _aESP
082 _a625.8
_bI59 V. 2
110 _aInstituto Mexicano del Cemento y del Concreto
245 0 _aPavimentos de concreto para carreteras
_b
260 _c2013
300 _avarias paginaciones :
_c27 cm.
650 _a0
654 _aCIC
942 _cLIB
_dJUS
_fJUS
_2ddc
_n
999 _c23199
_d23199